| 000 | 00761nam a2200241 a 4500 | ||
|---|---|---|---|
| 999 |
_c11721 _d11721 |
||
| 001 | 11721 | ||
| 003 | BD-JhCC | ||
| 005 | 20200809120242.0 | ||
| 008 | 200809b2015 ii a|||| ||a| 001 0 eng d | ||
| 020 | _a9789385436284 | ||
| 035 | _a(BD-JhCC)11721 | ||
| 040 |
_aBD-JhCC _dBD-JhCC |
||
| 041 | _aeng | ||
| 082 |
_a822.33 _bCLA 2015 |
||
| 100 | _aClark, Sandra | ||
| 245 |
_aMacbeth / _cSandra Clark, Pamela Mason . |
||
| 260 |
_aIndia: _bBloomsbury; _c2015. |
||
| 300 |
_a381 p. : _bill; _c20 cm. |
||
| 651 |
_aMacbeth, King of Scotland, active 11th century _vRegicides _xShakespeare, William, 1564-1616 _yGruoch, Queen, consort of Macbeth, King of Scotland _zMacbeth (Shakespeare, William) |
||
| 700 | _aMason, Pamela | ||
| 942 |
_2ddc _cBK |
||